000 00945nam a2200277Ia 4500
003 OSt
005 20220923230622.0
006 a|||||r|||| 00| 0
007 ta
008 220922b |||||||| |||| 00| 0 san d
020 _c300
024 _a284,564
037 _b829, 03/03/2015, Anshika Book International
_cTextual
040 _aARTS
_cARTS
_bsan
041 _2san
_asan
082 _aBxEBH,2, 152M6;P1
100 _aभास्कर
245 0 _aलीलावती
246 _aLīlāvatī
260 _aवाराणसी
_b चौखम्बा विद्याभवन
_c2013
300 _a382पृ0
_ccm.
490 _aविद्याभवन संस्कृत ग्रन्थमाला; 62
650 _aग्थ्ण्ज्ञत्
942 _hBxEBH,2, 152M6;P1
_cTEXL
_2CC
999 _c386083
_d386083